| 000 | 00899cam a22002771 4500 | ||
|---|---|---|---|
| 999 |
_c527556 _d527556 |
||
| 001 | 8460218 | ||
| 003 | NUST | ||
| 005 | 20190730102817.0 | ||
| 008 | 720725t19651949nyua 000 1 eng | ||
| 010 | _a 65007747 | ||
| 035 | _a(OCoLC)364524 | ||
| 038 | _aMuhammad Ibrahim | ||
| 040 |
_aDLC _cOFiC _dOCoLC _dDLC _dWaU |
||
| 041 | 1 |
_aeng _hyid |
|
| 050 | 0 | 0 |
_aPZ3.R113 _bTe7 |
| 082 |
_a892.493 _bTEV 1949 |
||
| 100 | 0 |
_aSholem Aleichem, _d1859-1916. _918883 |
|
| 245 | 1 | 0 |
_aTevye's daughters. _cTranslated by Frances Butwin. With illus. by Ben Shahn. |
| 250 | _aDe luxe illustrated ed. | ||
| 260 |
_aNew York, _bCrown Publishers _c[1949] |
||
| 300 |
_axvii, 302 p. _billus. _c22 cm. |
||
| 490 | 0 | _aCollected stories of Sholom Aleichem | |
| 650 | 0 |
_aṬeṿye (Fictitious character : Sholem Aleichem) _vFiction. _918884 |
|
| 906 |
_a7 _bcbc _coclcrpl _du _encip _f19 _gy-gencatlg |
||
| 942 |
_2ddc _cBK |
||